[Event "Agneaux St Lo op 18th"]
[Site "Agneaux"]
[Date "2017.07.10"]
[Round "3.5"]
[White "Deblock, Kien"]
[Black "Vainerchuk, Barys"]
[Result "0-1"]
[WhiteElo "1340"]
[BlackElo "1744"]
[PlyCount "36"]
[EventDate "2017.07.08"]
[EventType "swiss"]
[EventRounds "9"]
[EventCountry "FRA"]
[SourceTitle "EXT 2020"]
[Source "ChessBase"]
[SourceDate "2019.10.17"]
[SourceVersion "1"]
[SourceVersionDate "2019.10.17"]
[SourceQuality "1"]

1. d4 f5 2. e3 Nf6 3. c4 g6 4. Nc3 Bg7 5. Nf3 d6 6. Qb3 c6 7. d5 0-0 8. Ng5 cxd5 9. cxd5 h6 10. Ne6 Bxe6 11. Qxb7 Nbd7 12. dxe6 Nc5 13. Qf3 Rb8 14. Rb1 Nce4 15. Bd2 Nxd2 16. Kxd2 Qa5 17. Bc4 Ne4+ 18. Ke2 Nxc3+ 0-1